Mine Hydrology / (Record no. 26499)

000 -LEADER
fixed length control field 00792nam a22002177a 4500
001 - CONTROL NUMBER
control field 0000003097
003 - CONTROL NUMBER IDENTIFIER
control field OSt
005 - DATE AND TIME OF LATEST TRANSACTION
control field 20250502115701.0
008 - FIXED-LENGTH DATA ELEMENTS--GENERAL INFORMATION
fixed length control field 250502b ||||| |||| 00| 0 eng d
020 ## - INTERNATIONAL STANDARD BOOK NUMBER
International Standard Book Number 0873350561
Terms of availability RM 113.19
Qualifying information Hardback
040 ## - CATALOGING SOURCE
Language of cataloging Eng
Transcribing agency Pusat Penyelidikan Mineral, Jabatan Mineral Dan Geosains Malaysia
082 ## - DEWEY DECIMAL CLASSIFICATION NUMBER
Classification number 628 MIN
100 ## - MAIN ENTRY--PERSONAL NAME
Relator term William, Roy E.
245 ## - TITLE STATEMENT
Title Mine Hydrology /
Statement of responsibility, etc. by Roy E. Williams ... (et al).,
260 ## - PUBLICATION, DISTRIBUTION, ETC.
Place of publication, distribution, etc. Littleton, Colo. :
Name of publisher, distributor, etc. Society of Mining Engineers,
Date of publication, distribution, etc. 1986
300 ## - PHYSICAL DESCRIPTION
Extent x, 169 p. :
Other physical details graph, ill.;
Dimensions 26 cm
504 ## - BIBLIOGRAPHY, ETC. NOTE
Bibliography, etc. note Includes bibliographical references ( p.: 137 - 142 ), indexs (p.: 165 - 169 )
650 ## - SUBJECT ADDED ENTRY--TOPICAL TERM
Form subdivision Mine Drainage
General subdivision Mine Water
700 ## - ADDED ENTRY--PERSONAL NAME
Dates associated with a name Winter, V. Gerry, Bloomsburg, George L., Ralston, Dale R.
942 ## - ADDED ENTRY ELEMENTS (KOHA)
Source of classification or shelving scheme
Koha item type Books
Holdings
Withdrawn status Lost status Source of classification or shelving scheme Damaged status Not for loan Collection code Permanent Location Current Location Shelving location Date acquired Total Checkouts Full call number Date last seen Price effective from Koha item type
Available         Open Shelf PPM PPM Open Shelf 02/05/2025   628 MIN 1986 02/05/2025 02/05/2025 Books